L'intégral des dessins animés de Hanna-Barbera - Statistiques

Statistiques générales
  • Ce quiz a été pris 10 fois
  • Le résultat moyen est 8 sur 82
Statistiques - réponses
Première Lettre Réponse % Correct
F Les Fous Du Volant
60%
P Les Pierrafeu
60%
T Les Treize Fantômes De Scooby-Doo
60%
V Les Voyages Fantomatiques De Scoubidou
60%
M Mystérieusement Vôtre, Signé Scoubidou
60%
S Scooby-Doo
60%
S Scooby-Doo : Agence Toutou Risques
60%
S Scooby-Doo Et Scrappy-Doo
60%
S Scoubidou Show
60%
T Tom Et Jerry
50%
S Satanas Et Diabolo
40%
C Capitaine Caverne
30%
W Wally Gator
30%
H Hong Kong Fou Fou
20%
Y Yogi L'ours
20%
J Les Jetson
10%
M Magilla Le Gorille
10%
M Mightor
10%
M Mumbly
10%
A Alcibiade
0%
A Atomas, La Fourmi Atomique
0%
A Autochat Et Mimimoto
0%
B Banana Split
0%
B Bibifoc
0%
B Birdman
0%
B Breezly Et Sneezly
0%
B Buzzard Et Vermisso
0%
C Clue Club
0%
D Diabolo Le Magnifique
0%
D Ding Dang Dong
0%
D Dink Le Petit Dinosaure
0%
F Fantastic Max
0%
F Foofur
0%
G Galtar Et La Lance D'or
0%
G Garoup Le Loup
0%
G Gaspard Et Les Fantômes
0%
G Grangallo Tirevite
0%
J Jane de la jungle
0%
J Jappy Et Pappy Toutou
0%
J Josie Et Les Pussycats
0%
K Korg 70000 BC
0%
K Kwicky Koala
0%
G La Grande Aventure De La Bible
0%
V La Vallée Des Dinosaures
0%
C Le Cheval De Feu
0%
D Le Défi Des Gobots
0%
F Le Fantôme De L'espace
0%
P Le Pacha
0%
A Les Aventures De Moby Dick
0%
B Les Biskitts
0%
C Les Cadets De L'espace
0%
C Les Comètes
0%
P Les Pierrafeu En Culottes Courtes
0%
P Les P'tits Loups-Garous
0%
T Le Tourbillon Noir
0%
L Lippy Le Lion
0%
M Mademoiselle Rose Et Charlemagne
0%
M Mantalo
0%
M Mini Mini Détective
0%
M Momo Et Ursul
0%
M Monsieur Belette
0%
P Pattaclop Pénélope
0%
P Paw Paws
0%
P Pixie Et Dixie Et Mr. Jinks
0%
R Robin Des Bois Junior
0%
S Samson Et Goliath
0%
S Sans Secret, L'écureuil Agent Secret
0%
S Shazzan
0%
S Sophie La Sorcière
0%
S Space Ghost
0%
S Space Stars
0%
S Squiddly La Pieuvre
0%
C The Completely Mental Misadventures Of Ed Grimley
0%
H The Herculoids
0%
T Tom Et Jerry Kids
0%
T Touché La Tortue
0%
T Tout Doux Dinky
0%
F Une Famille Ours Au Far West
0%
S Un Samouraï Garde Du Corps
0%
W Wait Till Your Father Gets Home
0%
W Where's Huddles?
0%
Y Yippee, Yappee Et Yahooey
0%
Aucun quiz correspondant
Distribution des résultats
% des personnes avec chaque résultat
Percentile par nombre de réponses
Votre historique - résultats
Vous n’avez pas pris ce quiz